| 000 | 00454nam a22001577a 4500 | ||
|---|---|---|---|
| 003 | OSt | ||
| 005 | 20251030114433.0 | ||
| 008 | 251030b |||||||| |||| 00| 0 eng d | ||
| 022 | _a0040-5639 | ||
| 100 | _aRadu Bordeianu | ||
| 245 | _aOrthodox Observers at the Second Vatican Council and Intra-Orthodox Dynamics | ||
| 260 |
_aUSA, _bSages Publications; _c2018 |
||
| 300 | _aP.86--106 | ||
| 440 |
_aTheological Studies _nNo.1 _vVol.79 |
||
| 942 |
_2lcc _cART |
||
| 999 |
_c204983 _d204943 |
||